Normal view MARC view

Entry Meeting Name

Number of records used in: 1

001 - CONTROL NUMBER

  • control field: 29338

003 - CONTROL NUMBER IDENTIFIER

  • control field: OSt

005 - DATE AND TIME OF LATEST TRANSACTION

  • control field: 20211105135248.0

008 - FIXED-LENGTH DATA ELEMENTS

  • fixed length control field: 211105|| aca||aabn | a|a d

040 ## - CATALOGING SOURCE

  • Original cataloging agency: OSt
  • Transcribing agency: OSt

111 ## - HEADING--MEETING NAME

  • Meeting name or jurisdiction name as entry element: Science and Engineering Research Council School Conference
  • Location of meeting: Bangalore
  • Date of meeting or treaty signing: 2005

670 ## - SOURCE DATA FOUND

  • Source citation: Work cat.: (OSt): Science and Engineering Research Council School Conference Bangalore 2005, Precision spectroscopy of atoms, molecules, and bose condensates, 2005

Powered by Koha